Państwa na terenach Polski - Statystyki

Ogólne statystyki
  • Ten quiz został rozwiązany 359 razy
  • Średni wynik to 8 z 14
Statystyki odpowiedzi
Państwa % Poprawnych
Niemcy
96%
Rosja
96%
Czechy
88%
Litwa
88%
Austria
79%
Węgry
76%
Szwecja
71%
Dania
55%
Francja
55%
Prusy
36%
Brandenburgia
15%
3 Rzesza
6%
Święte Cesarstwo Rzymskie
3%
Łużyce
1%
Nie znaleziono quizów pasujących do podanych kryteriów
Rozkład punktacji
Procent ludzi z każdym wynikiem
Percentyl według liczby udzielonych odpowiedzi
Twoja historia wyników
Nie rozwiązałeś tego quizu